Statistics for TES Skyrim

Click here to take the quiz!

General Stats

  • This quiz has been taken 742 times
  • The average score is 9 of 15

Answer Stats

HintAnswer% Correct
Which settlement is the dragonborn taken to to be executedHelgen
99%
What race are the natives of SkyrimNords
91%
What Region is it set inSkyrim
90%
What race originated in Black MarshArgonian
73%
Whos is the Jester of the Dark BrotherhoodCicero
72%
What is the native name for the wood elvesBosmer
70%
The traitor of the Theives GuildMercer Frey
68%
The Leader of the Dark Brotherhood- Falkreath sanctuaryAstrid
64%
The Dragon leader of the GreybeardsPaarthurnax
61%
The Harbinger of the CompanionsKodlak
56%
The native name for an orcOrsimer
51%
What world does the game take place inNirn
50%
The name of the dragonslayers/AkavirThe Blades
42%
What realm does it take place inMundus
23%
What is the Nord rebellion calledStorrmcloaks
0%

Score Distribution

Percentile by Number Answered

Percent of People with Each Score

Your Score History

You have not taken this quiz